Statistics for Every Oceanian Country Shape

Click here to take the quiz!

General Stats

  • This quiz has been taken 4,674 times
    (4,024 since last reset)
  • The average score is 10 of 14

Answer Stats

Answer% Correct
New Zealand
99%
Australia
91%
Papua New Guinea
85%
Samoa
74%
Nauru
71%
Fiji
70%
Micronesia
68%
Kiribati
66%
Solomon Islands
65%
Palau
59%
Tuvalu
59%
Vanuatu
59%
Marshall Islands
53%
Tonga
52%

Score Distribution

Percentile by Number Answered

Percent of People with Each Score

Your Score History

You have not taken this quiz since the last reset